Datum a čas kvízu
29
Celkem bodů
Celkový počet nahraných bodů na tomto kvízu bez doplňovacích otázek.
9.
Pořadí na kvízu
Konečné umístění týmu na tomto kvízu.
Zaznamenané odpovědi
| # | Otázka | Odpověď | Body | Výsledky |
|---|---|---|---|---|
| 1. | V pondělí se český premiér ,,j... | Adam Vojtěch | 1 | |
| 2. | Vláda jisté země dala ve čtvrt... | Francisco Franco | 1 | |
| 3. | V neděli měl vystoupit známý č... | David Černý | 1 | |
| 4. | Minulý týden jsme se dozvěděli... | Avast | 0 | |
| 5. | Česká tenistka Karolína Muchov... | Malý turnaj mistryň | 1 | |
| 6. | Druhý díl naší cesty kolem svě... | Myanmar (Barma) | 0 | |
| 7. | Pokračujeme dále do jihovýchod... | Malajsie | 1 | |
| 8. | Další dvě otázky budou patřit... | 2. největší | 0 | |
| 9. | Jakou barvou je přibližně vyz... | žlutou barvou | 1 | |
| 10. | Dnešní putování zakončíme v Mo... | z kobylího mléka | 0 |